[Event "Titled Tuesday intern op 01st Apr Early"]
[Site "Chess.com INT"]
[Date "2025.04.01"]
[Round "1"]
[White "Eynullayev, Atilla Elshan"]
[Black "Bok, Benjamin"]
[Result "0-1"]
[WhiteElo "2241"]
[BlackElo "2592"]
[PlyCount "60"]
[EventDate "2025.04.01"]
[EventType "swiss (blitz)"]
[EventRounds "11"]
[EventCountry "USA"]
[SourceTitle "CB15_2025"]
[SourceDate "2025.04.09"]
[SourceVersion "1"]
[SourceVersionDate "2025.04.09"]
[SourceQuality "1"]

1. d4 Nf6 2. c4 e6 3. Nc3 Bb4 4. e3 0-0 5. Bd3 d5 6. Nf3 dxc4 7. Bxc4 c5 8. a3 Bxc3+ 9. bxc3 Qc7 10. Be2 b6 11. 0-0 Ba6 12. Bxa6 Nxa6 13. Qe2 Qb7 14. c4 Rac8 15. Bb2 cxd4 16. exd4 Qe4 17. Qxe4 Nxe4 18. Rac1 Rfd8 19. Rfd1 Kf8 20. a4 Nb8 21. a5 Nc6 22. axb6 axb6 23. Ba3+ Ke8 24. d5 Na5 25. Re1 Rxc4 26. Rxc4 Nxc4 27. Rxe4 Nxa3 28. dxe6 Rd1+ 29. Ne1 f5 30. Re2 Nc2 0-1

[Event "Titled Tuesday intern op 01st Apr Early"]
[Site "Chess.com INT"]
[Date "2025.04.01"]
[Round "5"]
[White "Eynullayev, Atilla Elshan"]
[Black "Sathvik, Adiga"]
[Result "0-1"]
[WhiteElo "2241"]
[BlackElo "2390"]
[PlyCount "125"]
[EventDate "2025.04.01"]
[EventType "swiss (blitz)"]
[EventRounds "11"]
[EventCountry "USA"]
[SourceTitle "CB15_2025"]
[SourceDate "2025.04.09"]
[SourceVersion "1"]
[SourceVersionDate "2025.04.09"]
[SourceQuality "1"]

1. d4 d5 2. c4 c6 3. Nf3 Nf6 4. g3 Bf5 5. Nc3 e6 6. Nh4 Be4 7. f3 Bg6 8. Qb3 Qb6 9. c5 Qxb3 10. axb3 Be7 11. Nxg6 hxg6 12. b4 0-0 13. b5 cxb5 14. Nxb5 Nc6 15. Be3 a6 16. Nc3 e5 17. Na4 exd4 18. Bf2 Nd7 19. Rc1 Rac8 20. Bh3 f5 21. 0-0 Nde5 22. Rfd1 Nc4 23. b3 N4a5 24. Rb1 Bf6 25. Nb6 Rcd8 26. f4 Rfe8 27. Kf1 Be7 28. Bg2 Bxc5 29. Nxd5 d3 30. Rxd3 Bxf2 31. Kxf2 Na7 32. Rbd1 N5c6 33. Ne7+ Rxe7 34. Rxd8+ Nxd8 35. Rxd8+ Kh7 36. Rb8 b5 37. Rb6 a5 38. Bd5 a4 39. bxa4 bxa4 40. Ra6 Nc8 41. Rxa4 Nb6 42. Ra5 Rd7 43. Be6 Re7 44. Bb3 Nd7 45. Ra8 Nf6 46. Ra6 Ng4+ 47. Ke1 Nxh2 48. Ra8 Ng4 49. Bg8+ Kh6 50. Bd5 Kh7 51. Bg8+ Kh6 52. Bd5 g5 53. Ra6+ g6 54. Ra8 Ne3 55. Bf3 g4 56. Bc6 Rc7 57. Ra6 Nc2+ 58. Kf2 Nb4 59. Rb6 Nxc6 60. e4 Ne7 61. exf5 Nxf5 62. Rb2 Rc3 63. Re2 0-1

[Event "Titled Tuesday intern op 01st Apr Early"]
[Site "Chess.com INT"]
[Date "2025.04.01"]
[Round "4"]
[White "Pang, Ethan"]
[Black "Eynullayev, Atilla Elshan"]
[Result "0-1"]
[WhiteElo "2257"]
[BlackElo "2241"]
[PlyCount "54"]
[EventDate "2025.04.01"]
[EventType "swiss (blitz)"]
[EventRounds "11"]
[EventCountry "USA"]
[SourceTitle "CB15_2025"]
[SourceDate "2025.04.09"]
[SourceVersion "1"]
[SourceVersionDate "2025.04.09"]
[SourceQuality "1"]

1. e4 c5 2. Nf3 d6 3. d4 cxd4 4. Nxd4 Nf6 5. f3 e5 6. Nb3 Be6 7. c4 Nbd7 8. Nc3 Rc8 9. Nd5 b5 10. Nd2 bxc4 11. Nxc4 Nxe4 12. g3 Nef6 13. Nde3 d5 14. Na3 Bxa3 15. bxa3 d4 16. Ng2 0-0 17. Bd3 Rc3 18. Bb2 Rxd3 19. Qxd3 Nc5 20. Qd2 Bc4 21. Qc2 Qa5+ 22. Kd1 Bd3 23. Qd2 Qa4+ 24. Ke1 e4 25. Nf4 Re8 26. Rc1 exf3+ 27. Kf2 Nce4+ 0-1

[Event "TUR-chT 2nd League"]
[Site "Denizli"]
[Date "2024.07.19"]
[Round "6.11"]
[White "Rahmanov, Shahriyar Teymur Og"]
[Black "Eynullayev, Atilla Elshan"]
[Result "1/2-1/2"]
[WhiteElo "2186"]
[BlackElo "2265"]
[PlyCount "38"]
[EventDate "2024.07.15"]
[EventType "team-swiss"]
[EventRounds "9"]
[EventCountry "TUR"]
[SourceTitle "EXT 2025"]
[Source "ChessBase"]
[SourceDate "2024.10.14"]
[SourceVersion "1"]
[SourceVersionDate "2024.10.14"]
[SourceQuality "1"]
[WhiteTeam "Karaman Masterler"]
[BlackTeam "Gaziantep Sader"]
[WhiteTeamCountry "TUR"]
[BlackTeamCountry "TUR"]

1. d4 Nf6 2. Nf3 d5 3. g3 e6 4. Bg2 Be7 5. 0-0 0-0 6. c4 dxc4 7. Ne5 Nc6 8. Nxc6 bxc6 9. Bxc6 Rb8 10. Bg2 Bb7 11. Nc3 Bxg2 12. Kxg2 c5 13. dxc5 Qc7 14. Qa4 Qxc5 15. Be3 Qc7 16. Rab1 a5 17. Bf4 e5 18. Bg5 Rb4 19. Qc2 Qb7+ 1/2-1/2

[Event "TUR-chT 2nd League"]
[Site "Denizli"]
[Date "2024.07.18"]
[Round "5.8"]
[White "Eynullayev, Atilla Elshan"]
[Black "Demirbas, Emre"]
[Result "1-0"]
[WhiteElo "2265"]
[BlackElo "2012"]
[PlyCount "57"]
[EventDate "2024.07.15"]
[EventType "team-swiss"]
[EventRounds "9"]
[EventCountry "TUR"]
[SourceTitle "EXT 2025"]
[Source "ChessBase"]
[SourceDate "2024.10.14"]
[SourceVersion "1"]
[SourceVersionDate "2024.10.14"]
[SourceQuality "1"]
[WhiteTeam "Gaziantep Sader"]
[BlackTeam "Mugla Buyuksehir"]
[WhiteTeamCountry "TUR"]
[BlackTeamCountry "TUR"]

1. e4 c5 2. Nf3 e6 3. b3 d6 4. Bb2 Nf6 5. e5 dxe5 6. Nxe5 a6 7. f4 b6 8. Bd3 Bb7 9. Qe2 Nd5 10. 0-0 Be7 11. Qh5 g6 12. Qf3 Qc7 13. Qe2 f6 14. Qg4 Qc8 15. Nc4 Nc6 16. Qh3 b5 17. Bxg6+ Kd7 18. Be4 Nxf4 19. Nb6+ Kc7 20. Nxa8+ Qxa8 21. Rxf4 e5 22. Rf1 Nd4 23. Bxb7 Qxb7 24. Bxd4 cxd4 25. d3 Rg8 26. Nd2 Rg7 27. Ne4 Qc6 28. Rf2 Rf7 29. Raf1 1-0

[Event "Titled Tuesday intern op 09th Jul Late"]
[Site "Chess.com INT"]
[Date "2024.07.09"]
[Round "6"]
[White "Chirilov, James A"]
[Black "Eynullayev, Atilla Elshan"]
[Result "1-0"]
[WhiteElo "2249"]
[BlackElo "2265"]
[PlyCount "53"]
[EventDate "2024.07.09"]
[EventType "swiss (blitz)"]
[EventRounds "11"]
[EventCountry "USA"]
[SourceTitle "EXT 2025"]
[Source "ChessBase"]
[SourceDate "2024.10.14"]
[SourceVersion "1"]
[SourceVersionDate "2024.10.14"]
[SourceQuality "1"]

1. e4 c5 2. Nf3 d6 3. d4 cxd4 4. Nxd4 Nf6 5. Nc3 a6 6. Bg5 Nbd7 7. Bc4 Qb6 8. Bb3 e6 9. Qd2 Be7 10. 0-0-0 Nc5 11. f3 h6 12. Be3 Qc7 13. g4 Bd7 14. h4 0-0-0 15. g5 hxg5 16. hxg5 Nh5 17. Rhg1 g6 18. Kb1 Kb8 19. f4 Nxb3 20. Nxb3 Rc8 21. f5 Rhd8 22. f6 Bf8 23. Qf2 Qc4 24. Ba7+ Ka8 25. Bb6 Re8 26. Na5 Qb4 27. a3 1-0

[Event "Titled Tuesday intern op 09th Jul Late"]
[Site "Chess.com INT"]
[Date "2024.07.09"]
[Round "4"]
[White "Eynullayev, Atilla Elshan"]
[Black "Matinian, Nikita"]
[Result "0-1"]
[WhiteElo "2265"]
[BlackElo "2394"]
[PlyCount "66"]
[EventDate "2024.07.09"]
[EventType "swiss (blitz)"]
[EventRounds "11"]
[EventCountry "USA"]
[SourceTitle "EXT 2025"]
[Source "ChessBase"]
[SourceDate "2024.10.14"]
[SourceVersion "1"]
[SourceVersionDate "2024.10.14"]
[SourceQuality "1"]

1. e4 c5 2. Nf3 e6 3. d4 cxd4 4. Nxd4 Nc6 5. Nc3 Qc7 6. Be3 a6 7. Qd2 Nf6 8. 0-0-0 b5 9. f3 Bb7 10. g4 Rc8 11. g5 Nh5 12. Ndxb5 axb5 13. Nxb5 Qd8 14. Bb6 Qe7 15. Nc7+ Rxc7 16. Bxc7 h6 17. h4 g6 18. Bb5 Bg7 19. Bd6 Qd8 20. a4 Nd4 21. Qb4 Nxb5 22. axb5 hxg5 23. hxg5 Qxg5+ 24. Kb1 Qd8 25. Rd3 f5 26. Rhd1 fxe4 27. fxe4 Nf6 28. Be5 Bxe4 29. Bxf6 Qxf6 30. Rxd7 Bd5 31. Rc7 Rh4 32. Qa3 Ra4 33. Qb3 Bxb3 0-1

[Event "Titled Tuesday intern op 02nd Jul Early"]
[Site "Chess.com INT"]
[Date "2024.07.02"]
[Round "7"]
[White "Eynullayev, Atilla Elshan"]
[Black "Romero Ruscalleda, Josep"]
[Result "1-0"]
[WhiteElo "2265"]
[BlackElo "2153"]
[PlyCount "71"]
[EventDate "2024.07.02"]
[EventType "swiss (blitz)"]
[EventRounds "11"]
[EventCountry "USA"]
[SourceTitle "EXT 2025"]
[Source "ChessBase"]
[SourceDate "2024.10.14"]
[SourceVersion "1"]
[SourceVersionDate "2024.10.14"]
[SourceQuality "1"]

1. e4 g6 2. d4 Bg7 3. Nc3 d6 4. Be3 a6 5. f3 b5 6. Qd2 Bb7 7. h4 h5 8. Nh3 Nd7 9. Ng5 Rc8 10. a4 b4 11. Na2 a5 12. c3 c5 13. dxc5 Nxc5 14. Bb5+ Kf8 15. Qe2 bxc3 16. Nxc3 Nf6 17. 0-0 Nfd7 18. Rad1 Bf6 19. Bc4 Ne5 20. Bb5 Kg7 21. Bd4 Rf8 22. f4 Ng4 23. e5 dxe5 24. Bxc5 Qc7 25. Be3 exf4 26. Bxf4 e5 27. Bg3 Qc5+ 28. Kh1 Qb4 29. Nge4 Be7 30. Rd7 Bxe4 31. Nxe4 f5 32. Nd6 Rce8 33. Nxe8+ Rxe8 34. Bxe5+ Kh6 35. Bf4+ Kh7 36. Qe6 1-0

[Event "Titled Tuesday intern op 25th Jun Early"]
[Site "Chess.com INT"]
[Date "2024.06.25"]
[Round "9"]
[White "Eynullayev, Atilla Elshan"]
[Black "Materia, Marco"]
[Result "0-1"]
[WhiteElo "2265"]
[BlackElo "2453"]
[PlyCount "66"]
[EventDate "2024.06.25"]
[EventType "swiss (blitz)"]
[EventRounds "11"]
[EventCountry "USA"]
[SourceTitle "EXT 2025"]
[Source "ChessBase"]
[SourceDate "2024.10.14"]
[SourceVersion "1"]
[SourceVersionDate "2024.10.14"]
[SourceQuality "1"]

1. e4 d6 2. d4 g6 3. Nc3 Bg7 4. Be3 a6 5. Qd2 b5 6. f3 Nd7 7. h4 h5 8. Nh3 e5 9. Ng5 Ngf6 10. a4 b4 11. Na2 a5 12. c3 bxc3 13. Nxc3 0-0 14. Bc4 Ba6 15. Nb5 Qe7 16. Rc1 exd4 17. Nxd4 Bxc4 18. Nc6 Qe8 19. Rxc4 d5 20. exd5 Nb6 21. Rc5 Nfxd5 22. Kf2 Nxe3 23. Qxe3 Nxa4 24. Ne7+ Kh8 25. Rxc7 Qd8 26. Rc4 Nxb2 27. Re4 Nd1+ 28. Rxd1 Qxd1 29. Qf4 Qb3 30. Rc4 Qb6+ 31. Kg3 Rae8 32. Nd5 Qb7 33. Rc5 Be5 0-1

[Event "Titled Tuesday intern op 25th Jun Early"]
[Site "Chess.com INT"]
[Date "2024.06.25"]
[Round "2"]
[White "Galchenko, Matvey"]
[Black "Eynullayev, Atilla Elshan"]
[Result "1-0"]
[WhiteElo "2438"]
[BlackElo "2265"]
[PlyCount "52"]
[EventDate "2024.06.25"]
[EventType "swiss (blitz)"]
[EventRounds "11"]
[EventCountry "USA"]
[SourceTitle "EXT 2025"]
[Source "ChessBase"]
[SourceDate "2024.10.14"]
[SourceVersion "1"]
[SourceVersionDate "2024.10.14"]
[SourceQuality "1"]

1. e4 c5 2. c3 Nf6 3. e5 Nd5 4. Nf3 Nc6 5. Bc4 Nb6 6. Bb3 c4 7. Bc2 d5 8. exd6 Qxd6 9. 0-0 Bg4 10. h3 Bh5 11. Re1 e6 12. b3 0-0-0 13. Na3 Qc5 14. Qe2 Be7 15. Nxc4 Nxc4 16. bxc4 Na5 17. d3 g5 18. Rb1 a6 19. Be3 Qa3 20. Bb6 g4 21. Qe5 Bd6 22. Qxh5 gxf3 23. Qxa5 Rhg8 24. g3 Bxg3 25. fxg3 Rxg3+ 26. Kf1 Rg2 1-0

[Event "Titled Tuesday intern op 25th Jun Early"]
[Site "Chess.com INT"]
[Date "2024.06.25"]
[Round "10"]
[White "Parfenov, Viktor N"]
[Black "Eynullayev, Atilla Elshan"]
[Result "1-0"]
[WhiteElo "2193"]
[BlackElo "2265"]
[PlyCount "85"]
[EventDate "2024.06.25"]
[EventType "swiss (blitz)"]
[EventRounds "11"]
[EventCountry "USA"]
[SourceTitle "EXT 2025"]
[Source "ChessBase"]
[SourceDate "2024.10.14"]
[SourceVersion "1"]
[SourceVersionDate "2024.10.14"]
[SourceQuality "1"]

1. e4 c5 2. Nf3 d6 3. Bb5+ Nd7 4. d4 cxd4 5. Nxd4 a6 6. Bd3 g6 7. c4 Bg7 8. Be3 Ngf6 9. Nc3 0-0 10. f3 Ne5 11. 0-0 Bd7 12. Be2 Rc8 13. Qb3 b5 14. cxb5 axb5 15. Ndxb5 Be6 16. Nd5 Rb8 17. a4 Nxd5 18. exd5 Bd7 19. h3 f5 20. f4 Bxb5 21. axb5 Nd7 22. Rfc1 Kh8 23. Ra7 Nc5 24. Qb4 Qb6 25. Rxe7 Rbe8 26. Re6 Qc7 27. b6 Qb7 28. Bxc5 dxc5 29. Qxc5 Rc8 30. Rc6 Rce8 31. Bf3 Qa6 32. Rc7 Qd3 33. Rxg7 Kxg7 34. Qc3+ Qxc3 35. bxc3 Rb8 36. Rb1 Rfc8 37. Rb3 Rc5 38. Kf2 Kf6 39. Ke3 Ke7 40. Kd4 Kd6 41. c4 Ra5 42. b7 Rc5 43. Rb6+ 1-0

[Event "Titled Tuesday intern op 18th Jun Early"]
[Site "Chess.com INT"]
[Date "2024.06.18"]
[Round "2"]
[White "Eynullayev, Atilla Elshan"]
[Black "Aravindh, Chithambaram VR"]
[Result "1-0"]
[WhiteElo "2265"]
[BlackElo "2684"]
[PlyCount "43"]
[EventDate "2024.06.18"]
[EventType "swiss (blitz)"]
[EventRounds "11"]
[EventCountry "USA"]
[SourceTitle "EXT 2025"]
[Source "ChessBase"]
[SourceDate "2024.10.14"]
[SourceVersion "1"]
[SourceVersionDate "2024.10.14"]
[SourceQuality "1"]

1. e4 g6 2. d4 Bg7 3. Nc3 d6 4. Be3 a6 5. f3 b5 6. Qd2 Nd7 7. h4 h5 8. Nh3 Ngf6 9. Ng5 Bb7 10. a4 c6 11. Be2 0-0 12. 0-0 e5 13. dxe5 Nxe5 14. axb5 axb5 15. Rxa8 Bxa8 16. Rd1 Ne8 17. f4 Ng4 18. Bxg4 hxg4 19. e5 Qd7 20. Nce4 c5 21. Nxd6 Qc6 22. Qe2 1-0

[Event "Titled Tuesday intern op 18th Jun Early"]
[Site "Chess.com INT"]
[Date "2024.06.18"]
[Round "11"]
[White "Eynullayev, Atilla Elshan"]
[Black "Bardyk, Artem"]
[Result "0-1"]
[WhiteElo "2265"]
[BlackElo "2268"]
[PlyCount "64"]
[EventDate "2024.06.18"]
[EventType "swiss (blitz)"]
[EventRounds "11"]
[EventCountry "USA"]
[SourceTitle "EXT 2025"]
[Source "ChessBase"]
[SourceDate "2024.10.14"]
[SourceVersion "1"]
[SourceVersionDate "2024.10.14"]
[SourceQuality "1"]

1. e4 e5 2. Nf3 Nc6 3. Bb5 Nge7 4. c3 d5 5. d3 dxe4 6. dxe4 Qxd1+ 7. Kxd1 f6 8. Be3 Bd7 9. Nbd2 0-0-0 10. a4 a6 11. Bc4 a5 12. Bb5 Be6 13. Kc2 g5 14. h3 h5 15. Bc4 Bxc4 16. Nxc4 Ng6 17. Rab1 Rh7 18. b3 Rhd7 19. Rbd1 b6 20. Rxd7 Rxd7 21. h4 g4 22. Ng1 Nge7 23. Ne2 f5 24. exf5 Nxf5 25. Bxb6 cxb6 26. Nxb6+ Kc7 27. Nxd7 Kxd7 28. Rd1+ Ke6 29. Nc1 g3 30. Rf1 Bc5 31. Nd3 Bxf2 32. Kd2 e4 0-1

[Event "Titled Tuesday intern op 28th May Early"]
[Site "Chess.com INT"]
[Date "2024.05.28"]
[Round "3"]
[White "Eynullayev, Atilla Elshan"]
[Black "Kostov, Deyan Samuil"]
[Result "0-1"]
[WhiteElo "2265"]
[BlackElo "2358"]
[PlyCount "108"]
[EventDate "2024.05.28"]
[EventType "swiss (blitz)"]
[EventRounds "11"]
[EventCountry "USA"]
[SourceTitle "EXT 2025"]
[Source "ChessBase"]
[SourceDate "2024.10.14"]
[SourceVersion "1"]
[SourceVersionDate "2024.10.14"]
[SourceQuality "1"]

1. e4 c5 2. Nf3 e6 3. d4 cxd4 4. Nxd4 Nc6 5. Nc3 Qc7 6. Be3 a6 7. Qd2 Nf6 8. 0-0-0 Be7 9. f3 d6 10. g4 Nxd4 11. Qxd4 b5 12. h4 e5 13. Qd2 Be6 14. g5 Nh5 15. Nd5 Bxd5 16. Qxd5 0-0 17. Bd3 Rac8 18. Kb1 Qc6 19. Qb3 g6 20. Rc1 Rb8 21. c4 b4 22. c5 dxc5 23. Bc4 a5 24. Bd5 Qa6 25. Rhd1 a4 26. Qc4 Qxc4 27. Rxc4 Nf4 28. Bxc5 Bxc5 29. Rxc5 a3 30. Bb3 axb2 31. Rd7 Ne2 32. Rxe5 Rbd8 33. Ree7 Rxd7 34. Rxd7 Ng1 35. f4 Ne2 36. f5 Nc3+ 37. Kxb2 Nxe4 38. f6 h6 39. Rd4 Nc5 40. Rxb4 Nxb3 41. Kc3 hxg5 42. Kxb3 gxh4 43. Rxh4 Rd8 44. a4 Rd6 45. Rf4 Kh7 46. a5 g5 47. Rb4 Rxf6 48. Rb6 Rf1 49. a6 Rb1+ 50. Kc4 Rxb6 51. a7 Ra6 52. a8Q Rxa8 53. Kc5 Re8 54. Kd5 Re6 0-1

[Event "Titled Tuesday intern op 28th May Early"]
[Site "Chess.com INT"]
[Date "2024.05.28"]
[Round "1"]
[White "Spichkin, Alexander"]
[Black "Eynullayev, Atilla Elshan"]
[Result "0-1"]
[WhiteElo "2035"]
[BlackElo "2265"]
[PlyCount "102"]
[EventDate "2024.05.28"]
[EventType "swiss (blitz)"]
[EventRounds "11"]
[EventCountry "USA"]
[SourceTitle "EXT 2025"]
[Source "ChessBase"]
[SourceDate "2024.10.14"]
[SourceVersion "1"]
[SourceVersionDate "2024.10.14"]
[SourceQuality "1"]

1. f4 d5 2. Nf3 Nf6 3. e3 g6 4. Be2 Bg7 5. 0-0 0-0 6. d3 c5 7. Kh1 Nc6 8. a4 Rb8 9. Qe1 a6 10. Qh4 b5 11. axb5 axb5 12. Nbd2 Bf5 13. Ng5 h6 14. Ngf3 Nb4 15. Bd1 c4 16. Nd4 Bd7 17. dxc4 bxc4 18. c3 Nd3 19. e4 Nxe4 20. Nxe4 dxe4 21. f5 Nxc1 22. Rxc1 Rxb2 23. Qxe4 Qa8 24. Bf3 Qxe4 25. Bxe4 g5 26. Rcd1 Ba4 27. Rb1 Rfb8 28. Rxb2 Rxb2 29. h4 Be5 30. hxg5 hxg5 31. Bd5 Bxd4 32. cxd4 c3 33. Rc1 c2 34. Be4 Kg7 35. Kh2 Kf6 36. Kg3 Rb3+ 37. Kf2 g4 38. Ke2 Kg5 39. Kd2 Rg3 40. Bxc2 Rxg2+ 41. Kc3 Rxc2+ 42. Rxc2 Bxc2 43. Kxc2 Kxf5 44. Kd3 g3 45. Ke3 g2 46. Kf2 Ke4 47. Kxg2 Kxd4 48. Kf3 e5 49. Kg4 e4 50. Kf5 e3 51. Kf6 e2 0-1

[Event "Titled Tuesday intern op 30th Apr Late"]
[Site "Chess.com INT"]
[Date "2024.04.30"]
[Round "4"]
[White "Eynullayev, Atilla Elshan"]
[Black "Fernandez Siles, Luis"]
[Result "1-0"]
[WhiteElo "2265"]
[BlackElo "2209"]
[PlyCount "89"]
[EventDate "2024.04.30"]
[EventType "swiss (blitz)"]
[EventRounds "11"]
[EventCountry "USA"]
[SourceTitle "EXT 2025"]
[Source "ChessBase"]
[SourceDate "2024.10.14"]
[SourceVersion "1"]
[SourceVersionDate "2024.10.14"]
[SourceQuality "1"]

1. e4 c5 2. Nf3 Nc6 3. Bb5 g6 4. Bxc6 dxc6 5. h3 Bg7 6. d3 Nf6 7. 0-0 Nd7 8. a3 a5 9. Nc3 e5 10. Be3 b6 11. Qd2 h6 12. Na4 f5 13. Qc3 0-0 14. b4 axb4 15. axb4 cxb4 16. Qxb4 c5 17. Qb3+ Kh7 18. Rfb1 fxe4 19. dxe4 Bb7 20. Nd2 Bc6 21. f3 Qh4 22. Nc3 Rxa1 23. Rxa1 Qd8 24. Ra7 Qb8 25. Ra1 Qb7 26. Nc4 Bf6 27. Nd6 Qc7 28. Ncb5 Bxb5 29. Nxb5 Qc6 30. c4 Bg5 31. Rd1 Nf6 32. Bxg5 hxg5 33. Rd6 Qa8 34. Qb2 Qa4 35. Qxe5 Qxc4 36. Nc3 Qb3 37. Rxf6 Rxf6 38. Qxf6 Qb2 39. Qf7+ Kh6 40. Nd5 Qd4+ 41. Kh1 Qa1+ 42. Kh2 Qe5+ 43. f4 gxf4 44. Nxf4 g5 45. Qg6# 1-0

[Event "Titled Tuesday intern op 30th Apr Late"]
[Site "Chess.com INT"]
[Date "2024.04.30"]
[Round "2"]
[White "Eynullayev, Atilla Elshan"]
[Black "Torres, Yelfry"]
[Result "1-0"]
[WhiteElo "2265"]
[BlackElo "2061"]
[PlyCount "43"]
[EventDate "2024.04.30"]
[EventType "swiss (blitz)"]
[EventRounds "11"]
[EventCountry "USA"]
[SourceTitle "EXT 2025"]
[Source "ChessBase"]
[SourceDate "2024.10.14"]
[SourceVersion "1"]
[SourceVersionDate "2024.10.14"]
[SourceQuality "1"]

1. e4 d6 2. d4 Nf6 3. Nc3 e5 4. Nf3 Nbd7 5. Rg1 Be7 6. g4 exd4 7. Nxd4 Nc5 8. f3 0-0 9. g5 Nfd7 10. Be3 Re8 11. Qd2 Bf8 12. 0-0-0 a6 13. Bc4 Ne5 14. Be2 b5 15. h4 Bb7 16. h5 b4 17. Nd5 Ne6 18. Nf5 Bxd5 19. exd5 Nc5 20. f4 Ned7 21. Bd4 Ne4 22. Nh6+ 1-0

[Event "Titled Tuesday intern op 30th Apr Late"]
[Site "Chess.com INT"]
[Date "2024.04.30"]
[Round "6"]
[White "Wartiovaara, Oliver"]
[Black "Eynullayev, Atilla Elshan"]
[Result "1-0"]
[WhiteElo "2274"]
[BlackElo "2265"]
[PlyCount "129"]
[EventDate "2024.04.30"]
[EventType "swiss (blitz)"]
[EventRounds "11"]
[EventCountry "USA"]
[SourceTitle "EXT 2025"]
[Source "ChessBase"]
[SourceDate "2024.10.14"]
[SourceVersion "1"]
[SourceVersionDate "2024.10.14"]
[SourceQuality "1"]

1. d4 Nf6 2. Bf4 d5 3. Nf3 c5 4. e3 e6 5. Nbd2 Nc6 6. c3 cxd4 7. exd4 Nh5 8. Be3 Bd6 9. Ne5 Nf6 10. Ndf3 Nd7 11. Nxd7 Bxd7 12. Bd3 h6 13. 0-0 0-0 14. Bc2 Qf6 15. Qd3 Rfe8 16. Rae1 a6 17. Qh7+ Kf8 18. Ne5 Nxe5 19. dxe5 Qxe5 20. f4 Qh5 21. Bd4 Ke7 22. Qxg7 Kd8 23. Qf6+ Kc7 24. Be5 Rg8 25. Bxd6+ Kxd6 26. Qe5+ Qxe5 27. fxe5+ Ke7 28. Rf6 Rg5 29. Rxh6 Rag8 30. g3 Rg4 31. Rf6 Be8 32. Kf2 R8g5 33. Rf4 Rg8 34. Bd1 R4g5 35. Bf3 a5 36. g4 Rh8 37. Kg3 Rhh5 38. Re2 Rh8 39. h4 Rg7 40. g5 Bb5 41. Re3 Bc4 42. b3 Bb5 43. Be2 Bc6 44. Rf6 Rgh7 45. Rf4 Rg8 46. c4 dxc4 47. Bxc4 Rhg7 48. Rg4 Rd8 49. Rf4 Rd2 50. Rf2 Rd1 51. Ree2 Rg1+ 52. Kf4 Rh7 53. Rh2 Rf1+ 54. Ref2 Rxf2+ 55. Rxf2 Rxh4+ 56. Kg3 Rd4 57. Rf4 Rd2 58. a4 Rd1 59. Rf6 Re1 60. g6 Rxe5 61. Rxf7+ Ke8 62. Rg7 Be4 63. Kf4 Kf8 64. Rf7+ Ke8 65. Kxe5 1-0

[Event "Titled Tuesday intern op 23rd Apr Early"]
[Site "Chess.com INT"]
[Date "2024.04.23"]
[Round "4"]
[White "Eynullayev, Atilla Elshan"]
[Black "Lewicki, Miroslaw"]
[Result "1/2-1/2"]
[WhiteElo "2265"]
[BlackElo "2339"]
[PlyCount "131"]
[EventDate "2024.04.23"]
[EventType "swiss (blitz)"]
[EventRounds "11"]
[EventCountry "USA"]
[SourceTitle "EXT 2025"]
[Source "ChessBase"]
[SourceDate "2024.10.14"]
[SourceVersion "1"]
[SourceVersionDate "2024.10.14"]
[SourceQuality "1"]

1. e4 c5 2. Nf3 d6 3. d4 cxd4 4. Nxd4 Nf6 5. Nc3 a6 6. Be2 g6 7. Be3 Bg7 8. f3 0-0 9. Qd2 b5 10. 0-0 Bb7 11. Rad1 Nbd7 12. Kh1 Qc7 13. a3 Ne5 14. Bh6 Rac8 15. Bxg7 Kxg7 16. Qg5 e6 17. f4 h6 18. Qg3 Nc4 19. Bxc4 Qxc4 20. e5 Nh5 21. Qe3 dxe5 22. fxe5 b4 23. axb4 Qxb4 24. Ne4 Rxc2 25. Nxc2 Qxe4 26. Qxe4 Bxe4 27. Nd4 g5 28. Ne2 Rb8 29. Rd7 Bg6 30. g4 Nf4 31. Nxf4 gxf4 32. Rxf4 Rxb2 33. h4 h5 34. gxh5 Bxh5 35. Ra7 Ra2 36. Kg1 Bg6 37. Rg4 Kh6 38. Rf4 Ra5 39. Ra8 Rxe5 40. Rxa6 Rb5 41. Kh2 Rb2+ 42. Kg3 Bh5 43. Ra3 e5 44. Rf6+ Kg7 45. Rc6 e4 46. Re3 Bg6 47. Kf4 Rf2+ 48. Ke5 Rh2 49. Kd4 Rxh4 50. Rc7 Kf6 51. Rc6+ Kg5 52. Rc1 f5 53. Rg1+ Rg4 54. Rf1 f4 55. Rxe4 Bxe4 56. Kxe4 Rh4 57. Rf2 Rg4 58. Rf3 Rg3 59. Rxg3+ fxg3 60. Kf3 Kh4 61. Kg2 Kg4 62. Kg1 Kf4 63. Kg2 Kg4 64. Kg1 Kf5 65. Kg2 Kg5 66. Kxg3 1/2-1/2

[Event "Titled Tuesday intern op 23rd Apr Early"]
[Site "Chess.com INT"]
[Date "2024.04.23"]
[Round "5"]
[White "Halynyazow, Vepaly"]
[Black "Eynullayev, Atilla Elshan"]
[Result "1-0"]
[WhiteElo "2052"]
[BlackElo "2265"]
[PlyCount "133"]
[EventDate "2024.04.23"]
[EventType "swiss (blitz)"]
[EventRounds "11"]
[EventCountry "USA"]
[SourceTitle "EXT 2025"]
[Source "ChessBase"]
[SourceDate "2024.10.14"]
[SourceVersion "1"]
[SourceVersionDate "2024.10.14"]
[SourceQuality "1"]

1. d4 Nf6 2. Nf3 d5 3. Bf4 c5 4. e3 Nc6 5. Nbd2 e6 6. c3 cxd4 7. exd4 Nh5 8. Be3 Bd6 9. Bd3 Nf4 10. Bxf4 Bxf4 11. Nb3 0-0 12. 0-0 a5 13. Bc2 b6 14. Nc1 Ba6 15. Bd3 Bxd3 16. Nxd3 Bd6 17. Nfe5 Bxe5 18. Nxe5 Nxe5 19. dxe5 b5 20. Qd4 Rc8 21. a3 Rc4 22. Qd3 Qb8 23. f4 g6 24. h4 b4 25. axb4 axb4 26. h5 bxc3 27. bxc3 Qb2 28. Qg3 Rxc3 29. Qg5 Rc2 30. h6 Rfc8 31. Kh1 Qb4 32. Qf6 Qf8 33. Qg5 d4 34. Rad1 Rd8 35. Rd3 Rc3 36. Rfd1 Rxd3 37. Rxd3 Rd5 38. Kh2 f6 39. Qh4 fxe5 40. fxe5 Qf5 41. Qe7 Qf7 42. Qb4 g5 43. Rg3 Rxe5 44. Qb8+ Qf8 45. Qxe5 Qxh6+ 46. Kg1 Kf7 47. Qxg5 Qxg5 48. Rxg5 Kf6 49. Rg8 e5 50. Kf2 h6 51. Rd8 Kf5 52. Kf3 e4+ 53. Kf2 d3 54. Ke3 Kg4 55. Kxe4 Kg3 56. Rxd3+ Kxg2 57. Kf4 h5 58. Kg5 h4 59. Kxh4 Kf2 60. Kg4 Ke2 61. Rh3 Kf2 62. Kf4 Kg2 63. Rf3 Kh2 64. Rg3 Kh1 65. Kf3 Kh2 66. Kf2 Kh1 67. Rh3# 1-0